Detalles MARC
| 000 -CABECERA |
| Longitud fija campo de control |
02290nam a2200373 i 4500 |
| 003 - • IDENTIFICADOR DELl NÚMERO DE CONTROL |
| Identificador del número de control |
CO-BoRNBP |
| 005 - • FECHA Y HORA DE LA ÚLTIMA TRANSACCIÓN |
| Fecha y hora de la última transacción |
20260317194616.0 |
| 007 - • CAMPO FIJO DE DESCRIPCIÓN FÍSICA |
| Campo fijo de descripción física |
ta |
| 008 - • CÓDIGOS DE INFORMACIÓN DE LONGITUD FIJA |
| Códigos de información de longitud fija |
221102r20221996sp a 0 br 0 sf spa d |
| 020 ## - • NÚMERO INTERNACIONAL NORMALIZADO PARA LIBROS |
| Número Internacional Normalizado para Libros (ISBN) |
9788420744032 |
| 040 ## - FUENTE DE LA CATALOGACIÓN |
| Centro catalogador de origen |
CO-BoRNBP |
| Lengua de catalogación |
spa |
| Normas de descripción |
rda |
| Centro transcriptor |
CO-BoRNBP |
| 041 0# - • CÓDIGO DE LENGUA |
| Código de lengua del texto/banda sonora o título independiente |
spa |
| 043 ## - CÓDIGO DE ÁREA GEOGRÁFICA |
| Código de área geográfica |
s-ck--- |
| 084 ## - • Clasificación Local Alfanúmerica PNLB |
| Número de clasificación |
N |
| 100 1# - • PUNTO DE ACCESO PRINCIPAL-NOMBRE DE PERSONA |
| Nombre de persona |
Díaz, Gloria Cecilia, |
| Fechas asociadas al nombre |
1951- , |
| Término indicativo de función |
aut |
| 245 10 - • TITULO PROPIAMENTE DICHO |
| Título |
Óyeme con los ojos / |
| Mención de responsabilidad, etc. |
Gloria Cecilia Díaz ; ilustraciones de Chata Lucini. |
| 250 ## - • MENCIÓN DE EDICIÓN |
| Mención de edición |
Primera edición. |
| Resto de la mención de edición |
Cuadragésima segunda reimpresión |
| 264 #1 - PRODUCCIÓN, PUBLICACIÓN , DISTRIBUCIÓN, FABRICACIÓN Y COPYRIGHT |
| Lugar de producción, publicación, distribución, fabricación |
Madrid, España : |
| Nombre del productor, editor, distribuidor, fabricante |
Grupo Anaya Editorial, |
| Fecha de de producción, publicación, distribución, fabricación o copyright |
1996, |
| -- |
2022. |
| 300 ## - • DESCRIPCIÓN FÍSICA |
| Extensión |
83 páginas : |
| Otras características físicas |
ilustraciones en blanco y negro ; |
| Dimensiones |
20 cm. |
| 336 ## - TIPO DE CONTENIDO |
| Término de tipo de contenido |
texto |
| Código de tipo de contenido |
txt |
| Fuente |
rdacontent |
| 337 ## - TIPO DE MEDIO |
| Nombre del tipo de medio |
sin mediación |
| Código del tipo de medio |
n |
| Fuente |
rdamedia |
| 338 ## - TIPO DE SOPORTE |
| Nombre del tipo de soporte |
volumen |
| Código del tipo de soporte |
nc |
| Fuente |
rdacarrier |
| 490 0# - • MENCIÓN DE SERIE |
| Mención de serie |
Sopa de libros |
| Designación de volumen o secuencia |
54 |
| 500 ## - • NOTA GENERAL |
| Nota general |
El material correspondiente a la dotación PNLB 2022, corresponde a la cuadragésimo segunda reimpresión de 2022, de la primera edición de 1996. |
| 520 3# - • NOTA DE RESUMEN |
| Resumen, etc, |
Horacio es un niño sordo, por una enfermedad que tuvo cuando era pequeño: no puede oír, pero oye con los ojos; y puede hablar con su voz «oxidada» o «cautiva», o con las manos en el lenguaje de los sordos. Vive con sus padres y sus hermanos en un barrio de Bogotá llamado El Jardín del Príncipe, en el que hay una casa diferente a las demás. Como es muy curioso, se dedica a espiar la casa, y un día decide entrar. Mientras admira ciertos objetos, es descubierto por la dueña. A Horacio le parece que Beatriz, la dueña, tiene miedo de él. Beatriz no acepta los defectos de los demás (Diana, una ahijada suya, también es sorda). Beatriz tiene un accidente de coche y se queda impedida. Ahora ella también necesita ayuda, y tiene que contratar a una persona, Ofelia, de quien Horacio no tarda en hacerse amigo. (Tomado de la fuente). |
| 521 1# - • NOTA DE PÚBLICO DESTINATARIO |
| Nota público destinatario (R ) |
Recomendado para un público infantil mayor de 8 años. |
| 650 17 - • PUNTO DE ACCESO ADICIONAL DE MATERIA - TÉRMINO DE MATERIA |
| Término de materia o nombre geográfico como elemento inicial |
Novela infantil colombiana |
| Subdivisión cronológica |
Siglo XX |
| Fuente del encabezamiento o término |
rnbp |
| 650 17 - • PUNTO DE ACCESO ADICIONAL DE MATERIA - TÉRMINO DE MATERIA |
| Término de materia o nombre geográfico como elemento inicial |
Literatura infantil colombiana |
| Subdivisión cronológica |
Siglo XX |
| Fuente del encabezamiento o término |
rnbp |
| 650 17 - • PUNTO DE ACCESO ADICIONAL DE MATERIA - TÉRMINO DE MATERIA |
| Término de materia o nombre geográfico como elemento inicial |
Sordomudos en la literatura |
| Subdivisión de forma |
Novela |
| Fuente del encabezamiento o término |
rnbp |
| 650 17 - • PUNTO DE ACCESO ADICIONAL DE MATERIA - TÉRMINO DE MATERIA |
| Término de materia o nombre geográfico como elemento inicial |
Niños en la literatura |
| Fuente del encabezamiento o término |
rnbp |
| Subdivisión de forma |
Novela |
| 700 1# - • PUNTO DE ACCESO ADICIONAL - NOMBRE DE PERSONA |
| Nombre de persona |
Lucini, Chata, |
| Término indicativo de función |
ill |
| 942 ## - ENTRADA DE ELEMENTOS AGREGADOS (KOHA) |
| Fuente de clasificaión o esquema |
|
| Koha [por defecto] tipo de item |
Literatura Infantil |
| Suppress in OPAC |
0 |